01200nam a2200253 a 450000100100000000500170001000800410002704000250006808200230009311000320011624000180014824501580016626000360032430000210036050000330038159000260041465000670044065000400050765100450054791000370059295201200062995201820074999900150093100000623220200929153914.0090827s2001 dr 001 0 spa d aDO-SdBNPbspacBNPHU a344.729302bR426Le1 aRepública Dominicana944710a[Leyes, etc.]10aLey no. 87-01 sobre sistema dominicano de seguridad social :bpromulgada el 10 de mayo del 2001 : modificada por la Ley 188-07 del 10 de agosto del 2007. aSanto Domingo :b[s.n.],c2001. a118 p. ;c22 cm. aTitulo tomado de la cubierta aInventariado, 2018/VM 4aSeguridad socialxLegislaciónzRepública Dominicana914351 4aLeyeszRepública Dominicana93033 4aRepública DominicanaxLey 87-01917419 aValidado. Control de calidad MFF 0010718PDaPDbPDcHDd2009-08-27iLF1l0o344.729302 R426Lep6232-10r2020-06-25w2020-06-25yLFPDZNo se presta 0010718PDaPDbPDcHDd2019-05-28iLF1l0o344.729302 R426Lep6232-30r2020-06-25te. 2w2020-06-25yLFPDzPerteneció a la biblioteca personal de Maritza Baez.ZNo se presta c6027d6027